| 000 | 00334 a2200121 4500 | ||
|---|---|---|---|
| 000 | nam a22 7a 4500 | ||
| 005 | 20260408122748.0 | ||
| 020 | _a9789368831983 | ||
| 100 |
_aDavid Lunn _91234323 |
||
| 245 | _aSufis In The Life Of Medieval India: The Life and Works of Simon Digby | ||
| 260 |
_bPrimus Books _c2025 |
||
| 942 | _cTEXL | ||
| 999 |
_c1848079 _d1848079 |
||